000 00575nam a22002297a 4500
003 UA-OsUOA
001 74603
007 ta
008 20110413b un ||||| |||| 00| 0 ukr d
100 _aГей В.С.
090 _a821,161,2-1
_bГ29
942 _cBK
040 _aUA-OsUOA
_bukr
_cUA-OsUOA
_dUA-OsUOA
245 _aВитоки
_bпоезії
300 _a72 с.
955 _a3
041 _aukr
080 _a821,161,2-1
260 _aК.
_bМолодь
_c1979
650 7 _a82 Література. Літературознавство
_2UDC
999 _c360895
_d360895